Basic documents in international law
में बचाया:
| स्वरूप: | पुस्तक |
|---|---|
| भाषा: | Undetermined |
| प्रकाशित: |
Oxford
Clarendon Press
1983
|
| विषय: | |
| टैग : |
टैग जोड़ें
कोई टैग नहीं, इस रिकॉर्ड को टैग करने वाले पहले व्यक्ति बनें!
|
| Thư viện lưu trữ: | Trung tâm Học liệu Trường Đại học Cần Thơ |
|---|
| LEADER | 00480nam a2200181Ia 4500 | ||
|---|---|---|---|
| 001 | CTU_89399 | ||
| 008 | 210402s9999 xx 000 0 und d | ||
| 082 | |a 341.026 | ||
| 082 | |b B311 | ||
| 245 | 0 | |a Basic documents in international law | |
| 245 | 0 | |c edited by Ian Brownlie | |
| 260 | |a Oxford | ||
| 260 | |b Clarendon Press | ||
| 260 | |c 1983 | ||
| 650 | |a International law | ||
| 650 | |x Sources | ||
| 904 | |i Bằng | ||
| 980 | |a Trung tâm Học liệu Trường Đại học Cần Thơ | ||